000 00435cam a2200181ua 4500
020 _c18.00
041 _aeng
_h
082 _a539.7
_bGRE/NU
100 _aGreen, Alex E S.
245 _aNuclear physics /
_cE S Alex Green.
_hTextual Documents
250 _a1 /
_b.
260 _aNew York :
_bMcGraw Hill Book Company ,
_c1955.
300 _a535 ; .
365 _a18.00
504 _a
942 _cBK
999 _c7455
_d7455